| 000 | 00399nam a2200145Ia 4500 | ||
|---|---|---|---|
| 008 | 221030s9999 xx 000 0 und d | ||
| 020 | _a9350145463 | ||
| 041 | _aEnglish | ||
| 100 | _aM. Gupta | ||
| 245 | 0 |
_aInstallation, Maintenance & Repair of Electrical Machines & Equipments _cby M. Gupta |
|
| 260 |
_bS. K. Kataria & Sons _aNew Delhi _c2014 |
||
| 300 | _a498 | ||
| 650 | _aBB EE | ||
| 942 | _cBK | ||
| 999 |
_c15518 _d15518 |
||